000 01062naa a22003137a 4500
001 BR8108519
003 BR-BrBNA
005 20240918175058.0
007 ta
008 230509b bl.||||| |||| 00| 0 por d
040 _aBR-BrBNA
_bpor
_cBiblioteca Nacional de Agricultura
041 _a(Pt)
072 _aH20
_b4150
_b1060
_bG514
090 _aH20 BR8108519
100 1 _aTrindade, J.
100 1 _aSilva, L.M.S. da
100 1 _aPassos, O.S.
111 1 _a2. Congresso Brasileiro de Fruticultura
_cVicosa, MG (Brazil)
_d9-13 Jul 1973
245 1 _a"Stem - pitting" da laranja em Sergipe [doenca de planta, virus, Brasil]
260 3 _aAracaju, SE (Brasil):
_c1981.
500 _aAnais da estacao experimental de Boquim Aracaju, SE (Brasil): 1981. p. 57-62 (BR8108519-AM)H20
650 _aLARANJA
650 _aDOENCA DE PLANTA
650 _aVIRUS
650 _aSERGIPE
773 0 _tAnais da estacao experimental de Boquim
_wH20 BR8108519
_gAracaju, SE (Brasil), 1981. p. 57-62
909 _a202404
_bLucia
_c55
_dLucia Elande
942 _cAM
_2AGRIS
999 _c314898
_d314898